000
00316nam a22001337a 4500
008
171023b xxu||||| |||| 00| 0 eng d
020
_a
9780803990067
041
_a
eng
080
_a
311
100
_a
55
101
_a
STA
245
_a
EXPERIMENTAL DESIGN AND THE ANALYSIS OF VARIANCE
_c
LEIK,R.K
942
_2
udc
_c
BK
999
_c
35555
_d
35555